000
00321nam a22001457a 4500
008
230419b ||||| |||| 00| 0 eng d
020
_a
9780521886734
041
_a
eng
080
_a
37
082
_a
37BRI
100
_a
23
101
_a
EDU
245
_a
THE COMMENT CLAUSE IN ENGLISH
_c
BRINTON.J.L
942
_2
udc
_c
BK
999
_c
59600
_d
59600